000 03549nam0a2200373 4500
001 RU\NLR\BIBL_A\012829968
005 20230109162348.0
010 _a978-5-502-01459-5
_9100
021 _aRU
_bКН-П-22-018724
_9КН-П-22-1604
035 _a(NLR Aleph) 012829968
035 _a(RuMoRGB)011018783
090 _a12354285
_c12354285
100 _a20220627d2021 u y0rusy50 ca
101 0 _arus
102 _aRU
105 _aa|||j|||000zy
181 0 _ai
_baxxe
182 0 _an
200 1 _aМатематические методы моделирования физических процессов в ядерных реакторах
_eучебное пособие для студентов, обучающихся по специальностям 14.05.01 "Ядерные реакторы и материалы", 14.03.02 "Ядерные физика и технологии"
_fГ. Н. Власичев
_gМинистерство науки и высшего образования Российской Федерации, Федеральное государственное бюджетное образовательное учреждение высшего образования "Нижегородский государственный технический университет им. Р. Е. Алексеева"
203 _aТекст
_bвизуальный
_cнепосредственный
210 _aНижний Новгород
_cНижегородский государственный технический университет им. Р. Е. Алексеева
_d2021
215 _a135 с.
_cил., табл.
_d20
300 _aНа 4-й с. обл. авт.: Власичев Г. Н. - д-р техн. наук, проф., чл.-кор. Рос. акад. естествознания, действ. чл. Междунар. лиги интеллектуалов
320 _aБиблиогр.: с. 134-135 (29 назв.)
330 _aРассмотрены основы математического моделирования физических процессов в ядерных реакторах, связанного с проектированием ядерных энергетических установок, а также анализом безопасности ЯЭУ. Дана характеристика процессов, происходящих в ядерных реакторах с математической точки зрения. Приведены определяющие дифференциальные уравнения основных процессов при нормальной работе и нарушениях нормальной эксплуатации ЯЭУ. Описываются методы численного решения дифференциальных уравнений как обыкновенных, так и с частными производными
606 1 _aЯдерные реакторы
_jУчебные издания для высших учебных заведений
_xФизические процессы
_xМатематическое моделирование
_92528950
_3RU\NLR\AUTH\6601712052
675 _a621.039.5:519.8(075.8)
_v4
686 _a31.46я73
_2rubbks
686 1 _aЗ46-01с116я73-1
700 1 _aВласичев
_bГ. Н.
_gГерман Николаевич
942 _cBOOK
980 _aNB